000 00584nam a2200169Ia 4500
008 090711s9999 xx 000 0 und d
082 _b1618
100 _aपंडित नलिनी
245 _aजातिवाद आणि वर्गवाद
260 _bलोक वाङमय गृह
_c1996
300 _a209
600 _aपंडित नलिनी
630 _aजातिवाद आणि वर्गवाद
700 _aपंडित नलिनी
730 _aजातिवाद आणि वर्गवाद
942 _cBOOK
999 _c336587
_d336587